000 00693nam a2200253Ia 4500
003 OSt
005 20221006141649.0
006 a|||||r|||| 00| 0
007 ta
008 221006b |||||||| |||| 00| 0 jpn d
024 _a3,748
037 _bGift, Japan Foundation
_cTextual
040 _aEASL
_cEASL
_bjpn
041 _2jpn
_ajpn
082 _aP42,D:4k, N4
100 _aNAKAMURA Yukihiro Ed.
_9646013
245 0 _aKonpakuto kogo jiten
260 _aTokyo
_bFukumu Shoten Japan
_c1994
300 _a896p.
_ccm.
490 _v RR
650 _aJL
942 _hP42,D:4k, N4
_cTEXL
_2CC
999 _c1071834
_d1071834